[Event "Copenhagen Chess Challenge IM 2022"]
[Site "Ballerup"]
[Date "2022.05.25"]
[Round "1"]
[White "Seegert, Kristian"]
[Black "Rostgaard, Tobias Valentin"]
[Result "1-0"]
[WhiteElo "2209"]
[BlackElo "2339"]
[PlyCount "85"]
[EventDate "2022.05.25"]
[EventType "tourn"]
[EventRounds "9"]
[EventCountry "DEN"]

1. e4 e5 2. Nf3 Nc6 3. Bc4 Bc5 4. O-O Nf6 5. d3 O-O 6. Bg5 h6 7. Bh4 Be7 8. c3
d6 9. Nbd2 g5 10. Bg3 Na5 11. Bb5 g4 12. Ne1 Nh5 13. b4 Nc6 14. Nc2 Bg5 15. Nc4
Ne7 16. N4e3 c6 17. Bc4 d5 18. Bb3 Nxg3 19. hxg3 f5 20. exf5 h5 21. c4 Bxf5 22.
Nxf5 Rxf5 23. Ne3 Bxe3 24. fxe3 Kg7 25. Qe2 Qd6 26. c5 Qe6 27. e4 Rxf1+ 28.
Rxf1 Rf8 29. Re1 Ng6 30. Qe3 Qf7 31. d4 Qf6 32. dxe5 Nxe5 33. exd5 Re8 34. Qd2
cxd5 35. Rf1 Qh6 36. Qxd5 Qe3+ 37. Kh2 h4 38. gxh4 Qh6 39. g3 Qe3 40. Kg2 Kh8
41. Bc2 Qh6 42. Qd4 Qg7 43. Rf5 1-0

[Event "Copenhagen Chess Challenge IM 2022"]
[Site "Ballerup"]
[Date "2022.05.25"]
[Round "1"]
[White "Jacobsen, Mikkel Manosri"]
[Black "Ahlander, Bjorn"]
[Result "0-1"]
[WhiteElo "2251"]
[BlackElo "2375"]
[PlyCount "60"]
[EventDate "2022.05.25"]
[EventType "tourn"]
[EventRounds "9"]
[EventCountry "DEN"]

1. d4 Nf6 2. Nf3 e6 3. c4 d5 4. e3 c5 5. Nc3 Nc6 6. cxd5 exd5 7. Be2 cxd4 8.
Nxd4 Bd6 9. O-O O-O 10. h3 a6 11. b3 Re8 12. Nf3 Bb8 13. Ba3 Be6 14. Rc1 Qc7
15. Re1 Ba7 16. Na4 Ne4 17. Bc5 Nxc5 18. Nxc5 Rad8 19. Nd4 Bb8 20. f4 Bc8 21.
Nxa6 Qe7 22. Nxc6 Qxe3+ 23. Kh1 Bxf4 24. Bh5 Qg3 25. Bxf7+ Kf8 26. Rxe8+ Rxe8
27. Qg1 Kxf7 28. Rf1 bxc6 29. Rf3 Bxa6 30. Rxg3 Bxg3 0-1

[Event "Copenhagen Chess Challenge IM 2022"]
[Site "Ballerup"]
[Date "2022.05.25"]
[Round "1"]
[White "Nielsen, Thomas Bach"]
[Black "Liu, Casper Yukun"]
[Result "0-1"]
[WhiteElo "2189"]
[BlackElo "2218"]
[PlyCount "68"]
[EventDate "2022.05.25"]
[EventType "tourn"]
[EventRounds "9"]
[EventCountry "DEN"]

1. d4 d5 2. c4 c6 3. cxd5 cxd5 4. Nf3 Nf6 5. Nc3 Nc6 6. Bf4 a6 7. e3 Bg4 8. Bd3
e6 9. h3 Bh5 10. g4 Bg6 11. Bxg6 hxg6 12. Ne5 Nxe5 13. Bxe5 Bd6 14. Bxd6 Qxd6
15. Rc1 Qb4 16. Qe2 Ne4 17. a3 Qa5 18. Kd1 Nd6 19. h4 Rc8 20. h5 Nc4 21. e4 Qb6
22. exd5 Nxb2+ 23. Ke1 Na4 24. Rh3 gxh5 25. dxe6 O-O 26. Rxh5 Qxd4 27. Qc2 g6
28. exf7+ Kg7 29. Rh3 Rxf7 30. Rd3 Qxg4 31. Rg3 Qe6+ 32. Kf1 Qf6 33. Rxg6+ Qxg6
34. Qxa4 Qd3+ 0-1

[Event "Copenhagen Chess Challenge IM 2022"]
[Site "Ballerup"]
[Date "2022.05.25"]
[Round "1"]
[White "Kistrup, Nicolai"]
[Black "Brynell, Stellan"]
[Result "1-0"]
[WhiteElo "2306"]
[BlackElo "2401"]
[PlyCount "43"]
[EventDate "2022.05.25"]
[EventType "tourn"]
[EventRounds "9"]
[EventCountry "DEN"]

1. d4 Nf6 2. c4 e6 3. g3 d5 4. Bg2 dxc4 5. Nf3 c5 6. Qa4+ Bd7 7. Qxc4 Bc6 8.
dxc5 Nbd7 9. Be3 Rc8 10. Nc3 b6 11. Rd1 Bxc5 12. Bxc5 bxc5 13. O-O Qb6 14. b3
Qb4 15. Nd2 Bxg2 16. Kxg2 Nb6 17. Qd3 O-O 18. Nce4 Nxe4 19. Nxe4 h6 20. Qf3 Rc7
21. Nd6 a5 22. a3 1-0

[Event "Copenhagen Chess Challenge IM 2022"]
[Site "Ballerup"]
[Date "2022.05.25"]
[Round "1"]
[White "Sahl, Bjarke"]
[Black "Kenneskog, Theodor"]
[Result "1/2-1/2"]
[WhiteElo "2312"]
[BlackElo "2296"]
[PlyCount "120"]
[EventDate "2022.05.25"]
[EventType "tourn"]
[EventRounds "9"]
[EventCountry "DEN"]

1. e4 c5 2. Nf3 d6 3. d4 cxd4 4. Nxd4 Nf6 5. Nc3 a6 6. Be2 e5 7. Nb3 Be7 8. f4
O-O 9. O-O b5 10. Kh1 Bb7 11. Bf3 Nbd7 12. a3 Rc8 13. Qe2 Re8 14. Bd2 Bf8 15.
Rad1 Qc7 16. Rfe1 exf4 17. Bxf4 Ne5 18. Bg5 Nfd7 19. Bg4 Nxg4 20. Qxg4 Ne5 21.
Qg3 Nc4 22. Bc1 Nxa3 23. Nd4 g6 24. Bd2 Nc4 25. Bc1 Bg7 26. Nd5 Bxd5 27. exd5
Nb6 28. c3 Rxe1+ 29. Qxe1 Qd7 30. Nf3 Re8 31. Qf2 Qb7 32. Bf4 Rd8 33. Qh4 f6
34. Be3 Nc4 35. Bc1 Re8 36. b3 Ne5 37. Nxe5 Rxe5 38. c4 bxc4 39. Qxc4 Qb5 40.
Bf4 Qxc4 41. bxc4 Re4 42. Bxd6 Rxc4 43. Be7 Rc7 44. d6 Rd7 45. Ra1 Kf7 46. Rxa6
Bf8 47. Bxf8 Kxf8 48. h4 Kf7 49. g4 Ke6 50. Kg2 Rxd6 51. Ra7 Rd7 52. Ra5 Rd4
53. Kf3 h6 54. Ra6+ Ke5 55. Ra5+ Rd5 56. Ra3 h5 57. Re3+ Kd6 58. gxh5 Rxh5 59.
Re4 Rf5+ 60. Kg3 Rh5 1/2-1/2

[Event "Copenhagen Chess Challenge IM 2022"]
[Site "Ballerup"]
[Date "2022.05.26"]
[Round "2"]
[White "Seegert, Kristian"]
[Black "Jacobsen, Mikkel Manosri"]
[Result "0-1"]
[WhiteElo "2209"]
[BlackElo "2251"]
[PlyCount "108"]
[EventDate "2022.05.25"]
[EventType "tourn"]
[EventRounds "9"]
[EventCountry "DEN"]

1. e4 c5 2. Nf3 Nf6 3. Nc3 d5 4. exd5 Nxd5 5. g3 Nc6 6. Bg2 Bg4 7. h3 Bh5 8.
O-O e6 9. Re1 Nf6 10. d3 Be7 11. Bf4 O-O 12. Qd2 Rc8 13. Ne5 Nd4 14. g4 Bg6 15.
Nxg6 fxg6 16. Kh1 Bd6 17. Bg3 Qc7 18. Re3 Bf4 19. Ne2 e5 20. Nc3 Rfd8 21. Rae1
Rd7 22. Qd1 Qb6 23. Bxf4 exf4 24. Re5 Qxb2 25. Nd5 Qxc2 26. Ne7+ Rxe7 27. Rxe7
Qxf2 28. Rf1 Qg3 29. Qe1 Qxe1 30. Rexe1 g5 31. Bxb7 Rc7 32. Ba6 Kf7 33. Re5 Kg6
34. Rc1 Rc6 35. Bc4 Rb6 36. Bb3 Nxb3 37. axb3 Rxb3 38. Rcxc5 h6 39. Re7 Rxd3
40. Kg2 h5 41. Ree5 Rg3+ 42. Kf1 Rxh3 43. Rxg5+ Kh6 44. Rgf5 Rf3+ 45. Kg2 hxg4
46. Rce5 Rg3+ 47. Kh2 Rh3+ 48. Kg1 Rh5 49. Rxh5+ Nxh5 50. Ra5 g6 51. Kf2 Ng3
52. Rxa7 Ne4+ 53. Ke2 f3+ 54. Ke3 f2 0-1

[Event "Copenhagen Chess Challenge IM 2022"]
[Site "Ballerup"]
[Date "2022.05.26"]
[Round "2"]
[White "Ahlander, Bjorn"]
[Black "Nielsen, Thomas Bach"]
[Result "1-0"]
[WhiteElo "2375"]
[BlackElo "2189"]
[PlyCount "73"]
[EventDate "2022.05.25"]
[EventType "tourn"]
[EventRounds "9"]
[EventCountry "DEN"]

1. d4 Nf6 2. c4 c5 3. d5 d6 4. Nc3 g6 5. e4 Bg7 6. Bd3 O-O 7. h3 e6 8. Nf3 exd5
9. cxd5 Na6 10. O-O Nc7 11. Re1 a6 12. a4 b6 13. Rb1 Rb8 14. b4 Nd7 15. Bg5 Bf6
16. Bd2 Ne5 17. Bf1 Bd7 18. Nh2 cxb4 19. Rxb4 b5 20. f4 Nc4 21. Bxc4 bxc4 22.
Rxc4 Na8 23. Nf3 Nb6 24. Rb4 a5 25. Rb1 Nc4 26. e5 Rxb1 27. Qxb1 dxe5 28. fxe5
Bf5 29. Qa2 Nxd2 30. Qxd2 Bg7 31. Kh1 Re8 32. d6 f6 33. Nd5 fxe5 34. Ne7+ Kh8
35. Nxe5 Rf8 36. Qd5 Qe8 37. d7 1-0

[Event "Copenhagen Chess Challenge IM 2022"]
[Site "Ballerup"]
[Date "2022.05.26"]
[Round "2"]
[White "Liu, Casper Yukun"]
[Black "Kistrup, Nicolai"]
[Result "0-1"]
[WhiteElo "2218"]
[BlackElo "2306"]
[PlyCount "70"]
[EventDate "2022.05.25"]
[EventType "tourn"]
[EventRounds "9"]
[EventCountry "DEN"]

1. e4 e5 2. Nf3 Nc6 3. Bc4 Nf6 4. Ng5 d5 5. exd5 Na5 6. Bb5+ c6 7. dxc6 bxc6 8.
Bd3 Nd5 9. Nf3 Bd6 10. O-O O-O 11. Re1 f5 12. Nxe5 Qf6 13. Nf3 g5 14. c4 Nf4
15. Bf1 g4 16. d4 gxf3 17. Qxf3 Ne6 18. Qc3 Nxd4 19. c5 Bc7 20. f4 Rb8 21. b4
Be6 22. Bb2 Rfd8 23. Na3 Bxf4 24. Nc2 Qh4 25. g3 Bd2 26. Qxd4 Rxd4 27. gxh4
Rg4+ 28. Kf2 Rf4+ 29. Kg3 Kf7 30. Be2 Rg8+ 31. Kh3 Re4 32. Bh5+ Ke7 33. Rg1 f4+
34. Bg4 Rxg4 35. Rxg4 f3 0-1

[Event "Copenhagen Chess Challenge IM 2022"]
[Site "Ballerup"]
[Date "2022.05.26"]
[Round "2"]
[White "Brynell, Stellan"]
[Black "Sahl, Bjarke"]
[Result "1/2-1/2"]
[WhiteElo "2401"]
[BlackElo "2312"]
[PlyCount "53"]
[EventDate "2022.05.25"]
[EventType "tourn"]
[EventRounds "9"]
[EventCountry "DEN"]

1. d4 Nf6 2. Nf3 d6 3. c4 g6 4. g3 Bg7 5. Bg2 O-O 6. Nc3 Nbd7 7. O-O c6 8. e4
e5 9. h3 Re8 10. Re1 a6 11. a4 exd4 12. Nxd4 a5 13. Be3 Nc5 14. Qc2 Qe7 15.
Rad1 Nfd7 16. f4 Na6 17. Nb3 h5 18. Qd2 Nac5 19. Nxc5 Nxc5 20. Bxc5 dxc5 21. e5
Bf5 22. Qf2 Red8 23. Kh2 Bd3 24. Bf1 Bf5 25. Bg2 Bd3 26. Bf1 Bf5 27. Bg2
1/2-1/2

[Event "Copenhagen Chess Challenge IM 2022"]
[Site "Ballerup"]
[Date "2022.05.26"]
[Round "2"]
[White "Rostgaard, Tobias Valentin"]
[Black "Kenneskog, Theodor"]
[Result "1-0"]
[WhiteElo "2339"]
[BlackElo "2296"]
[PlyCount "133"]
[EventDate "2022.05.25"]
[EventType "tourn"]
[EventRounds "9"]
[EventCountry "DEN"]

1. d4 Nf6 2. Nf3 d5 3. e3 c5 4. c3 Nc6 5. dxc5 a5 6. Bb5 e6 7. Nd4 Bd7 8. b4
axb4 9. Bxc6 bxc6 10. cxb4 Qb8 11. a3 Be7 12. Nc3 h5 13. b5 cxb5 14. c6 Bc8 15.
Ndxb5 Qb6 16. c7 Ne4 17. Qd4 Qxd4 18. exd4 Nxc3 19. Nxc3 Bb4 20. Bd2 Kd7 21.
O-O Bxc3 22. Bxc3 Ba6 23. Rfb1 Kxc7 24. Bd2 Kd7 25. Bf4 Rhc8 26. h4 Ra7 27. a4
Bd3 28. Rb3 Bc2 29. Rg3 g6 30. a5 Rc4 31. Rga3 Ra6 32. Be3 Rc7 33. R1a2 Bf5 34.
Rb2 Rc2 35. Rb5 Rc7 36. Bf4 Rca7 37. Bb8 Ra8 38. Rb7+ Kc8 39. Rab3 Rxa5 40.
Rc7+ Kd8 41. Rxf7 Ra1+ 42. Kh2 Rb1 43. Rxb1 Bxb1 44. Ba7 Ke8 45. Rb7 Bf5 46.
Bc5 Ra2 47. Kg3 Kd8 48. Rg7 Kc8 49. Kf3 Rc2 50. Kf4 Rxf2+ 51. Ke5 Rxg2 52. Kd6
Ra2 53. Kc6 Ra6+ 54. Bb6 Rxb6+ 55. Kxb6 Kd8 56. Kc6 Ke8 57. Kd6 Kf8 58. Ra7 Ke8
59. Ke5 Kf8 60. Kf6 Ke8 61. Rf7 Kd8 62. Re7 Bg4 63. Rxe6 Bxe6 64. Kxe6 Ke8 65.
Kf6 Kd7 66. Kxg6 Ke6 67. Kg5 1-0

[Event "Copenhagen Chess Challenge IM 2022"]
[Site "Ballerup"]
[Date "2022.05.26"]
[Round "3"]
[White "Nielsen, Thomas Bach"]
[Black "Seegert, Kristian"]
[Result "1/2-1/2"]
[WhiteElo "2189"]
[BlackElo "2209"]
[PlyCount "61"]
[EventDate "2022.05.25"]
[EventType "tourn"]
[EventRounds "9"]
[EventCountry "DEN"]

1. d4 Nf6 2. c4 c5 3. d5 b5 4. cxb5 a6 5. b6 e6 6. Nc3 Nxd5 7. Nxd5 exd5 8.
Qxd5 Nc6 9. e4 Be7 10. Bc4 O-O 11. Nf3 Rb8 12. O-O Rxb6 13. b3 d6 14. Bb2 Be6
15. Qd3 Bxc4 16. Qxc4 Bf6 17. Bxf6 Qxf6 18. Rad1 Re8 19. Rd2 h6 20. Rfd1 Re6
21. h3 Qf4 22. Re2 Rb4 23. Qxa6 Rbxe4 24. Rxe4 Qxe4 25. Qd3 Qxd3 26. Rxd3 Nb4
27. Rd2 Kf8 28. Kf1 Ke7 29. a3 Nc6 30. Re2 d5 31. Ke1 1/2-1/2

[Event "Copenhagen Chess Challenge IM 2022"]
[Site "Ballerup"]
[Date "2022.05.26"]
[Round "3"]
[White "Jacobsen, Mikkel Manosri"]
[Black "Rostgaard, Tobias Valentin"]
[Result "1-0"]
[WhiteElo "2251"]
[BlackElo "2339"]
[PlyCount "99"]
[EventDate "2022.05.25"]
[EventType "tourn"]
[EventRounds "9"]
[EventCountry "DEN"]

1. d4 d5 2. Bf4 Nf6 3. e3 e6 4. Nd2 Bd6 5. Bg3 b6 6. Ngf3 Bb7 7. a4 a6 8. Be2
O-O 9. O-O c5 10. c3 Nc6 11. Ne5 Ne7 12. f4 Nf5 13. Bf2 Be7 14. a5 cxd4 15.
exd4 bxa5 16. Nb3 Ne4 17. Nxa5 Qc7 18. Qa4 Bc8 19. Bd3 Rb8 20. Qc6 Qa7 21. Bxe4
dxe4 22. Qxe4 Rxb2 23. Nd3 Rd2 24. Rfb1 Qc7 25. Be1 Qxc3 26. Bxd2 Qxd2 27. Nc6
Bd6 28. Rb2 Qc3 29. Rc1 Qa3 30. Nce5 Qa5 31. Rbc2 Bxe5 32. Qxe5 Qxe5 33. Nxe5
Bb7 34. Rc7 Bd5 35. Nd7 g5 36. Nxf8 Kxf8 37. fxg5 Nxd4 38. Kf2 Nb5 39. Rd7 Kg7
40. Rc8 Be4 41. g4 h6 42. gxh6+ Kxh6 43. Rxf7 Kg6 44. Rcf8 Bd5 45. Rf6+ Kg7 46.
R8f7+ Kg8 47. Ke3 Nd6 48. Rd7 Ne4 49. Rg6+ Kf8 50. Kd4 1-0

[Event "Copenhagen Chess Challenge IM 2022"]
[Site "Ballerup"]
[Date "2022.05.26"]
[Round "3"]
[White "Kistrup, Nicolai"]
[Black "Ahlander, Bjorn"]
[Result "1/2-1/2"]
[WhiteElo "2306"]
[BlackElo "2375"]
[PlyCount "78"]
[EventDate "2022.05.25"]
[EventType "tourn"]
[EventRounds "9"]
[EventCountry "DEN"]

1. d4 Nf6 2. c4 e6 3. g3 d5 4. Bg2 Be7 5. Nf3 O-O 6. O-O c6 7. Qc2 Nbd7 8. b3
b6 9. Rd1 Ba6 10. Nbd2 Rc8 11. e4 c5 12. exd5 exd5 13. Nf1 dxc4 14. d5 Ng4 15.
bxc4 Bf6 16. Rb1 Nde5 17. Nxe5 Nxe5 18. Ne3 Qd7 19. Bb2 Rfe8 20. Be4 g6 21. f4
Nxc4 22. Nxc4 Bd4+ 23. Bxd4 cxd4 24. Rxd4 b5 25. Ne5 Rxe5 26. Qd3 Ree8 27. Qa3
Bb7 28. Qxa7 Rxe4 29. Rxe4 Qxd5 30. Rbe1 f5 31. Re8+ Rxe8 32. Rxe8+ Kf7 33. Re2
Qh1+ 34. Kf2 Qxh2+ 35. Ke1 Qxg3+ 36. Kd1 Qd3+ 37. Ke1 Qg3+ 38. Kd1 Qd3+ 39. Ke1
Qg3+ 1/2-1/2

[Event "Copenhagen Chess Challenge IM 2022"]
[Site "Ballerup"]
[Date "2022.05.26"]
[Round "3"]
[White "Sahl, Bjarke"]
[Black "Liu, Casper Yukun"]
[Result "0-1"]
[WhiteElo "2312"]
[BlackElo "2218"]
[PlyCount "103"]
[EventDate "2022.05.25"]
[EventType "tourn"]
[EventRounds "9"]
[EventCountry "DEN"]

1. Nf3 Nf6 2. b3 d5 3. e3 Bf5 4. Bb2 e6 5. Be2 h6 6. O-O Nbd7 7. c4 c6 8. d3 a5
9. a3 Nc5 10. b4 dxc4 11. bxc5 cxd3 12. Bd4 dxe2 13. Qxe2 Nd7 14. Rc1 Bg4 15.
e4 Bxf3 16. Qxf3 Qg5 17. Qe3 Rd8 18. f4 Qh5 19. e5 b6 20. Nd2 Bxc5 21. Ne4 O-O
22. Bxc5 Nxc5 23. Nxc5 bxc5 24. h3 Rd4 25. Rxc5 Rfd8 26. Rxc6 Qg6 27. Kh2 Rd2
28. Qg3 Qe4 29. Rc3 Rb2 30. Qf3 Qf5 31. Qg4 Qxg4 32. hxg4 Rdd2 33. Rg1 Ra2 34.
f5 Re2 35. Rc8+ Kh7 36. Rc7 exf5 37. gxf5 Rxe5 38. Rf1 Ree2 39. Rxf7 Rxg2+ 40.
Kh3 Rgf2 41. Rxf2 Rxf2 42. Kg4 Rg2+ 43. Kf3 Ra2 44. f6 Rxa3+ 45. Kg4 Kg6 46.
Rxg7+ Kxf6 47. Ra7 Ra4+ 48. Kh5 Ra1 49. Ra6+ Kf5 50. Kxh6 a4 51. Ra5+ Ke4 52.
Kg7 {Ke5} 0-1

[Event "Copenhagen Chess Challenge IM 2022"]
[Site "Ballerup"]
[Date "2022.05.26"]
[Round "3"]
[White "Kenneskog, Theodor"]
[Black "Brynell, Stellan"]
[Result "0-1"]
[WhiteElo "2296"]
[BlackElo "2401"]
[PlyCount "114"]
[EventDate "2022.05.25"]
[EventType "tourn"]
[EventRounds "9"]
[EventCountry "DEN"]

1. e4 e6 2. d4 d5 3. Nc3 Nf6 4. e5 Nfd7 5. f4 c5 6. Nf3 Nc6 7. Be3 cxd4 8. Nxd4
Bc5 9. Qd2 O-O 10. O-O-O a6 11. Nb3 b6 12. h4 Bb7 13. h5 Qe7 14. Kb1 Rac8 15.
Ne2 f6 16. exf6 Nxf6 17. Ned4 Ne4 18. Qe1 Nxd4 19. Nxd4 e5 20. fxe5 Qxe5 21.
Rh3 Nf2 22. Bxf2 Qxe1 23. Rxe1 Rxf2 24. c3 Rcf8 25. Rf3 Bc8 26. Rxf2 Rxf2 27.
Bd3 Bd7 28. Re5 Rxg2 29. Rxd5 Ba4 30. b3 Be8 31. Bc4 Rg1+ 32. Kc2 Rg2+ 33. Kd1
Kf8 34. Ne6+ Ke7 35. Nxc5 bxc5 36. Re5+ Kd8 37. a4 Rh2 38. Rd5+ Ke7 39. Rxc5
Bxh5+ 40. Ke1 Bf3 41. Rc7+ Kd6 42. Rxg7 a5 43. Rg3 Be4 44. Rg5 h5 45. Rxa5 h4
46. Rh5 Bf3 47. Rh6+ Ke5 48. a5 Kf4 49. a6 Ke3 50. Re6+ Be4 51. b4 Rb2 52.
Rxe4+ Kxe4 53. Bf1 Ke3 54. Kd1 Rb1+ 55. Kc2 Rxf1 56. b5 h3 57. a7 Ra1 0-1

[Event "Copenhagen Chess Challenge IM 2022"]
[Site "Ballerup"]
[Date "2022.05.27"]
[Round "4"]
[White "Seegert, Kristian"]
[Black "Kistrup, Nicolai"]
[Result "0-1"]
[WhiteElo "2209"]
[BlackElo "2306"]
[PlyCount "42"]
[EventDate "2022.05.25"]
[EventType "tourn"]
[EventRounds "9"]
[EventCountry "DEN"]

1. e4 e5 2. Nf3 Nc6 3. Bb5 a6 4. Ba4 Nf6 5. d3 b5 6. Bb3 Bc5 7. O-O d6 8. c3
O-O 9. Bg5 h6 10. Bh4 g5 11. Nxg5 hxg5 12. Bxg5 Kh7 13. Bd5 Rg8 14. Bxf6 Qxf6
15. Qh5+ Kg7 16. Bxc6 Rh8 17. Qxh8+ Kxh8 18. Bxa8 Qg5 19. Kh1 Bxf2 20. Na3 Qh4
21. Rxf2 Qxf2 0-1

[Event "Copenhagen Chess Challenge IM 2022"]
[Site "Ballerup"]
[Date "2022.05.27"]
[Round "4"]
[White "Jacobsen, Mikkel Manosri"]
[Black "Nielsen, Thomas Bach"]
[Result "1/2-1/2"]
[WhiteElo "2251"]
[BlackElo "2189"]
[PlyCount "118"]
[EventDate "2022.05.25"]
[EventType "tourn"]
[EventRounds "9"]
[EventCountry "DEN"]

1. d4 f5 2. Nc3 Nf6 3. Bg5 d5 4. Bxf6 exf6 5. e3 Be6 6. Qf3 Nc6 7. Bd3 Qd7 8.
Nge2 Nb4 9. Nf4 Nxd3+ 10. cxd3 O-O-O 11. h3 Bf7 12. g4 g5 13. Nfe2 Bg6 14. gxf5
Qxf5 15. Qxf5+ Bxf5 16. e4 dxe4 17. dxe4 Bg6 18. h4 h5 19. f4 gxf4 20. Kf2 Bf7
21. Rad1 Be6 22. Nxf4 Bg4 23. Rd3 Bd6 24. Ke3 c5 25. Ncd5 Kb8 26. dxc5 Bxc5+
27. Kd2 Bd6 28. Rf1 f5 29. Ng6 fxe4 30. Nxh8 exd3 31. Nf7 Rf8 32. Rf6 Bg3 33.
Ne3 Bxh4 34. Rf1 Be6 35. Rh1 Bf6 36. Nd6 h4 37. Ne4 h3 38. Nxf6 Rxf6 39. Rh2
Bxa2 40. Rxh3 Rd6 41. Nf5 Rd7 42. Ng3 Bc4 43. Ne4 b6 44. Rh6 Kc7 45. Nf6 Re7
46. Kc3 b5 47. b3 Be6 48. Rh5 Kc6 49. Re5 a6 50. Ne4 Rc7 51. Nc5 Kd6 52. Rxe6+
Kxc5 53. Rxa6 Rd7 54. b4+ Kd5 55. Kxd3 Rh7 56. Rg6 Rh3+ 57. Kc2 Kc4 58. Rg4+
Kd5 59. Rg5+ Kc4 1/2-1/2

[Event "Copenhagen Chess Challenge IM 2022"]
[Site "Ballerup"]
[Date "2022.05.27"]
[Round "4"]
[White "Ahlander, Bjorn"]
[Black "Sahl, Bjarke"]
[Result "1-0"]
[WhiteElo "2375"]
[BlackElo "2312"]
[PlyCount "79"]
[EventDate "2022.05.25"]
[EventType "tourn"]
[EventRounds "9"]
[EventCountry "DEN"]

1. d4 Nf6 2. c4 e6 3. Nc3 d5 4. Nf3 Be7 5. Bg5 Nbd7 6. e3 a6 7. cxd5 exd5 8.
Bd3 Nf8 9. Ne5 Ne6 10. Bh4 c6 11. O-O g6 12. f3 Nd7 13. Bxe7 Qxe7 14. f4 f5 15.
Nf3 O-O 16. Kh1 Nc7 17. Qd2 Ne8 18. Ne5 Ndf6 19. Qf2 Nd6 20. h3 Be6 21. Rg1
Rae8 22. g4 Nde4 23. Bxe4 dxe4 24. Rac1 Nd7 25. Nxd7 Qxd7 26. g5 Kf7 27. Kg2
Rh8 28. h4 h6 29. Rh1 Qd8 30. b4 Rh7 31. Qb2 hxg5 32. hxg5 Reh8 33. Qa1 Rh4 34.
d5 cxd5 35. Ne2 Rxh1 36. Rxh1 Rxh1 37. Kxh1 d4 38. Nxd4 Qh8+ 39. Kg2 Bc4 40.
Qc3 1-0

[Event "Copenhagen Chess Challenge IM 2022"]
[Site "Ballerup"]
[Date "2022.05.27"]
[Round "4"]
[White "Liu, Casper Yukun"]
[Black "Kenneskog, Theodor"]
[Result "1/2-1/2"]
[WhiteElo "2218"]
[BlackElo "2296"]
[PlyCount "112"]
[EventDate "2022.05.25"]
[EventType "tourn"]
[EventRounds "9"]
[EventCountry "DEN"]

1. d4 d5 2. Nf3 Nf6 3. c4 e6 4. g3 dxc4 5. Bg2 c5 6. O-O Nc6 7. dxc5 Qxd1 8.
Rxd1 Bxc5 9. Nbd2 c3 10. bxc3 O-O 11. Nb3 Be7 12. Nfd4 Nxd4 13. cxd4 Nd5 14.
Bd2 f5 15. Rdc1 b6 16. a4 Ba6 17. a5 Bxe2 18. Bxd5 exd5 19. Re1 Bc4 20. Rxe7
Bxb3 21. axb6 axb6 22. Rb1 Bc4 23. Rxb6 Rfe8 24. Rbb7 Rxe7 25. Rxe7 Rf8 26. Bb4
h6 27. h4 Rf7 28. Re8+ Kh7 29. h5 Bb3 30. f3 Bd1 31. Kf2 Rb7 32. Bc3 Rc7 33.
Re3 Rf7 34. Re1 Bb3 35. Bd2 Bc4 36. Re6 Rf6 37. Re7 Kg8 38. Ke3 f4+ 39. gxf4
Rf5 40. Re5 Rxe5+ 41. dxe5 Bb5 42. Kd4 Be2 43. Ke3 Bb5 44. e6 Be8 45. Kd4 Bxh5
46. Kxd5 Bxf3+ 47. Kd6 Bg4 48. Ke5 Kf8 49. f5 Ke8 50. Bc3 h5 51. Be1 Bh3 52.
Bh4 Bg4 53. Bf2 Bh3 54. Bc5 Bg4 55. Bd6 Bh3 56. Kf4 g6 1/2-1/2

[Event "Copenhagen Chess Challenge IM 2022"]
[Site "Ballerup"]
[Date "2022.05.27"]
[Round "4"]
[White "Rostgaard, Tobias Valentin"]
[Black "Brynell, Stellan"]
[Result "1/2-1/2"]
[WhiteElo "2339"]
[BlackElo "2401"]
[PlyCount "121"]
[EventDate "2022.05.25"]
[EventType "tourn"]
[EventRounds "9"]
[EventCountry "DEN"]

1. d4 Nf6 2. Nf3 d5 3. e3 c5 4. c4 e6 5. Nc3 Nc6 6. a3 a6 7. dxc5 Bxc5 8. b4
Bd6 9. Bb2 O-O 10. Rc1 dxc4 11. Bxc4 b5 12. Bd3 Bb7 13. Ne4 Nxe4 14. Bxe4 Rc8
15. O-O Qe7 16. Qe2 Rfd8 17. Rfd1 Bb8 18. Rxd8+ Qxd8 19. g3 f5 20. Bb1 Ne5 21.
Rxc8 Nxf3+ 22. Qxf3 Qxc8 23. Qd1 Qc6 24. Qd8+ Kf7 25. e4 Bd6 26. Qg5 Bf8 27. f3
h6 28. Qe3 Bc8 29. Bd3 Be7 30. exf5 exf5 31. Kg2 Bg5 32. Qe2 Qd5 33. a4 Bd7 34.
a5 Bc6 35. Bb1 Qd2 36. Kf1 Qxe2+ 37. Kxe2 Be7 38. Ba2+ Ke8 39. Bxg7 Bxb4 40.
Bxh6 Bxa5 41. Bg7 Bc7 42. h4 Bxg3 43. h5 Bd6 44. h6 Bf8 45. f4 Ke7 46. Ke3 Be8
47. Kd4 Bg6 48. Ke5 Bh7 49. Bd5 b4 50. Bb3 a5 51. Bf6+ Ke8 52. Bg7 Ke7 53.
Bxf8+ Kxf8 54. Kf6 a4 55. Bxa4 Kg8 56. Bb3+ Kh8 57. Bc2 Bg8 58. Bxf5 Bh7 59.
Be6 Bc2 60. Ke5 b3 61. Bxb3 1/2-1/2

[Event "Copenhagen Chess Challenge IM 2022"]
[Site "Ballerup"]
[Date "2022.05.27"]
[Round "5"]
[White "Sahl, Bjarke"]
[Black "Seegert, Kristian"]
[Result "0-1"]
[WhiteElo "2312"]
[BlackElo "2209"]
[PlyCount "66"]
[EventDate "2022.05.25"]
[EventType "tourn"]
[EventRounds "9"]
[EventCountry "DEN"]

1. e4 e5 2. Nf3 Nc6 3. Bb5 f5 4. d3 fxe4 5. dxe4 Nf6 6. Qe2 Bc5 7. c3 d6 8. Bc4
Qe7 9. Bg5 Bd7 10. Nbd2 O-O-O 11. b4 Bb6 12. a4 a5 13. O-O Bg4 14. Bd5 h6 15.
Be3 Bxe3 16. Qxe3 Nb8 17. bxa5 c6 18. Bc4 g5 19. Rab1 Rd7 20. a6 bxa6 21. Qb6
Rb7 22. Bxa6 Nxa6 23. Qxa6 Qc7 24. Rxb7 Qxb7 25. Qd3 Rd8 26. Rb1 Qa7 27. Qc4
Kc7 28. h3 Bd7 29. Qf7 Ne8 30. Qg6 Qxa4 31. Qxh6 g4 32. hxg4 Bxg4 33. Qg7+ Nxg7
0-1

[Event "Copenhagen Chess Challenge IM 2022"]
[Site "Ballerup"]
[Date "2022.05.27"]
[Round "5"]
[White "Kistrup, Nicolai"]
[Black "Jacobsen, Mikkel Manosri"]
[Result "1/2-1/2"]
[WhiteElo "2306"]
[BlackElo "2251"]
[PlyCount "135"]
[EventDate "2022.05.25"]
[EventType "tourn"]
[EventRounds "9"]
[EventCountry "DEN"]

1. e4 c5 2. Nf3 Nf6 3. e5 Nd5 4. Nc3 e6 5. Ne4 f5 6. Nc3 Nxc3 7. dxc3 b6 8. Bf4
Bb7 9. h4 Nc6 10. Qd2 Qc7 11. O-O-O Be7 12. Be2 O-O-O 13. Kb1 Rdg8 14. Qe3 Nd8
15. Bb5 Bc6 16. Bxc6 dxc6 17. Qe2 h6 18. a4 Kb7 19. Qc4 Qc8 20. Rdg1 Nf7 21. g4
g5 22. hxg5 hxg5 23. Bc1 f4 24. Qe4 Qe8 25. b3 Rh6 26. Rxh6 Nxh6 27. Nd2 Qg6
28. Qxg6 Rxg6 29. c4 Nf7 30. Rh1 Rh6 31. Rxh6 Nxh6 32. f3 Nf7 33. Bb2 Bd8 34.
Ne4 Bc7 35. Kc1 Kc8 36. Kd2 Kd7 37. Nf6+ Ke7 38. Nh7 a6 39. Bc3 b5 40. Ke2 bxa4
41. bxa4 Bxe5 42. Bxe5 Nxe5 43. Nxg5 Nxc4 44. Ne4 a5 45. Nxc5 Kd6 46. Nb7+ Kd5
47. g5 Ke5 48. Nd8 c5 49. g6 Kf6 50. g7 Kxg7 51. Nxe6+ Kf6 52. Nxc5 Ke5 53.
Nd3+ Kf5 54. c3 Kg5 55. Nc5 Kf5 56. Nd3 Kg5 57. Nc5 Kf5 58. Nb3 Ke5 59. Kd3 Kd5
60. Ke2 Ke5 61. Nd2 Kd5 62. Nb3 Ke5 63. Nc5 Kf5 64. Nd3 Kg5 65. Nc1 Kf5 66. Kd3
Ne5+ 67. Ke2 Nc4 68. Nb3 1/2-1/2

[Event "Copenhagen Chess Challenge IM 2022"]
[Site "Ballerup"]
[Date "2022.05.27"]
[Round "5"]
[White "Nielsen, Thomas Bach"]
[Black "Rostgaard, Tobias Valentin"]
[Result "1-0"]
[WhiteElo "2189"]
[BlackElo "2339"]
[PlyCount "131"]
[EventDate "2022.05.25"]
[EventType "tourn"]
[EventRounds "9"]
[EventCountry "DEN"]

1. d4 Nf6 2. c4 g6 3. Nc3 Bg7 4. e4 d6 5. h3 O-O 6. Bg5 c5 7. d5 Qa5 8. Bd2 e6
9. Bd3 Nbd7 10. f4 exd5 11. exd5 Re8+ 12. Nge2 Qd8 13. O-O a6 14. a4 Nf8 15. f5
Bxf5 16. Bxf5 gxf5 17. Ng3 Ne4 18. Nxf5 Nxd2 19. Qxd2 Ng6 20. Nxg7 Kxg7 21. Qf2
Qd7 22. Ne2 Re5 23. Ng3 Kg8 24. Nf5 Rf8 25. Nh6+ Kg7 26. Ng4 f5 27. Nxe5 Nxe5
28. Qf4 Kh8 29. Ra3 Ng6 30. Qg5 f4 31. h4 Qg7 32. Rd3 Qxb2 33. h5 Ne5 34. Rg3
Qd4+ 35. Kh1 Nd3 36. h6 Nf2+ 37. Rxf2 Qd1+ 38. Kh2 fxg3+ 39. Kh3 Qh1+ 40. Kxg3
Rg8 41. Rf8 Qe1+ 42. Kh2 Qe5+ 43. Qxe5+ dxe5 44. Rf7 Rg6 45. Rf8+ Rg8 46. Rf7
Rg6 47. Rxb7 Rxh6+ 48. Kg3 Rf6 49. Re7 Kg8 50. Rxe5 Kf7 51. Kg4 Rb6 52. Kf5
Rf6+ 53. Ke4 Rg6 54. Rf5+ Ke7 55. Ke5 Rxg2 56. d6+ Kd7 57. Rf7+ Kc6 58. Rc7+
Kb6 59. a5+ Kxa5 60. d7 Rg5+ 61. Kd6 Rg1 62. Rxc5+ Kb4 63. Rd5 Rg6+ 64. Kc7 Rg7
65. c5 Kc4 66. Kc6 1-0